| 000 | 00792nam a2200205Ia 4500 | ||
|---|---|---|---|
| 999 |
_c38542 _d38542 |
||
| 001 | 4643 | ||
| 003 | GE_BSU | ||
| 005 | 20190508203422.0 | ||
| 008 | 181216s2005||||ge |||||||||||||| ||geo|| | ||
| 020 | _a9994076477 | ||
| 040 | _cGE_BSU | ||
| 041 | _ageo | ||
| 080 | _a346.26(094.4) ს–22 | ||
| 245 | _aსამეწარმეო სამართალი : კანონთა კრებული ცვლილებებითა და დამატებებით 2005 წლის 1 ივნისამდე. | ||
| 264 |
_aთბილისი .: _bბონა კაუზა, _c2005. |
||
| 300 |
_a129გვ ; _c20სმ. |
||
| 653 | _aსამეწარმეო სამართალი | ||
| 653 | _aსამართალი | ||
| 942 |
_cBK _2udc |
||